Catholic University of Zimbabwe Library
Online Public Access Catalogue
(OPAC)

Networks and institutions in natural resource management (Record no. 29041)

MARC details
000 -LEADER
fixed length control field 02773nam a2200349 a 4500
001 - CONTROL NUMBER
control field eep9781847200181
003 - CONTROL NUMBER IDENTIFIER
control field DLC
005 - DATE AND TIME OF LATEST TRANSACTION
control field 20210215104228.0
006 - FIXED-LENGTH DATA ELEMENTS--ADDITIONAL MATERIAL CHARACTERISTICS
fixed length control field m o d
007 - PHYSICAL DESCRIPTION FIXED FIELD--GENERAL INFORMATION
fixed length control field cr un|||||||||
008 - FIXED-LENGTH DATA ELEMENTS--GENERAL INFORMATION
fixed length control field 050629s2006 enkab ob 001 0 eng d
010 ## - LIBRARY OF CONGRESS CONTROL NUMBER
LC control number 2005049718
020 ## - INTERNATIONAL STANDARD BOOK NUMBER
International Standard Book Number 9781847200181 (e-book)
040 ## - CATALOGING SOURCE
Original cataloging agency DLC
Transcribing agency DLC
Modifying agency UtOrBLW
050 00 - LIBRARY OF CONGRESS CALL NUMBER
Classification number HC85
Item number .N48 2006
082 00 - DEWEY DECIMAL CLASSIFICATION NUMBER
Classification number 333.7
Edition number 22
245 00 - TITLE STATEMENT
Title Networks and institutions in natural resource management
Medium [electronic resource] /
Statement of responsibility, etc. edited by Yvonne Rydin and Eva Falleth.
260 ## - PUBLICATION, DISTRIBUTION, ETC.
Place of publication, distribution, etc. Cheltenham, U.K. ;
-- Northampton, Mass. :
Name of publisher, distributor, etc. Edward Elgar,
Date of publication, distribution, etc. 2006.
300 ## - PHYSICAL DESCRIPTION
Extent 1 online resource (xi, 248 p.) :
Other physical details ill., maps
504 ## - BIBLIOGRAPHY, ETC. NOTE
Bibliography, etc. note Includes bibliographical references and index.
505 0# - FORMATTED CONTENTS NOTE
Formatted contents note 1. Fragmented institutions : the problem facing natural resource management / Inger-Lise Sagile -- 2. Institutions and networks : the search for conceptual research tools / Yvonne Rydin -- 3. The New Forest, England : cooperative planning for a commons / Yvonne Rydin and Tove Måtar -- 4. Setesdal Vesthei-Ryfylkeheiane, Norway : local co-management in a protected area / Eva Falleth -- 5. Cannock Chase, England : a policy champion for a local landscape / Yvonne Rydin and Tove Måtar -- 6. The Rondane Region, Norway : common pool resource management through statutory planning / Hans Olav Bråtå -- 7. Mafungautsi area, Zimbabwe : decentralized management of forests / Everisto Mapedza -- 8. The Morsa River Basin, Norway : collective action for improving water quality / Knut Bjørn Stokke -- 9. The Lake District, England : participation in managing water abstraction / Yvonne Rydin and Tove Måtar -- 10. Castilla-La Mancha, Spain : collective action and inaction in groundwater management / Elena Lopez-Gunn -- 11. The Rönne and Em rivers, Sweden : resilience, networks and bargaining power in water management / Victor Galaz -- 12. Conclusion / Yvonne Rydin.
520 ## - SUMMARY, ETC.
Summary, etc. Managing natural resources sustainably is a complex task that demands the involvement of many different stakeholders. Network arrangements are increasingly used to try and achieve such sustainable management. This book assesses the practice of such networks using original research into case studies of landscape, habitat and water management from England, Norway, Sweden, Spain and Zimbabwe.
650 #0 - SUBJECT ADDED ENTRY--TOPICAL TERM
Topical term or geographic name entry element Natural resources
General subdivision Management.
650 #0 - SUBJECT ADDED ENTRY--TOPICAL TERM
Topical term or geographic name entry element Natural resources
General subdivision Management
Form subdivision Case studies.
650 #0 - SUBJECT ADDED ENTRY--TOPICAL TERM
Topical term or geographic name entry element Sustainable development
Form subdivision Case studies.
655 #7 - INDEX TERM--GENRE/FORM
Genre/form data or focus term Electronic books.
Source of term lcsh
700 1# - ADDED ENTRY--PERSONAL NAME
Personal name Rydin, Yvonne,
Dates associated with a name 1957-
700 1# - ADDED ENTRY--PERSONAL NAME
Personal name Falleth, Eva,
Dates associated with a name 1962-
710 2# - ADDED ENTRY--CORPORATE NAME
Corporate name or jurisdiction name as entry element Edward Elgar Publishing.
776 1# - ADDITIONAL PHYSICAL FORM ENTRY
International Standard Book Number 9781845422943 (hardback)
-- 1845422945
856 40 - ELECTRONIC LOCATION AND ACCESS
Uniform Resource Identifier <a href="https://www.elgaronline.com/view/1845422945.xml">https://www.elgaronline.com/view/1845422945.xml</a>
Holdings
Withdrawn status Lost status Source of classification or shelving scheme Damaged status Not for loan Home library Current library Shelving location Date acquired Total Checkouts Full call number Date last seen Uniform Resource Identifier Price effective from Koha item type
          Digital Library Digital Library Online Access 15.02.2021   HC85 .N48 2006 15.02.2021 https://www.elgaronline.com/view/1845422945.xml 15.02.2021 eBook

OPENING HOURS

Weekdays: 0815hrs - 1800hrs
Weekends:0900hrs - 1200hrs

Closed for Mass:

Mon, Thur: 1200hrs - 1300hrs
Sunday & Public Holiday’s

CALL SUPPORT

0242-570570, 0242-570169
09200664, +263 8644140602

LOCATION

18443, Cranborne Avenue, Hatfield, Harare

Other Links


©2021 | CUZ Library